01101nab a22002177a 4500003000400000005001700004008004100021040000700062100002600069245011700095260007300212300001500285500003500300505022400335505008100559650001800640650002300658700002300681700002500704773015400729OSt20260202121349.0190429b xxu||||| |||| 00| 0 spa d cPJ aBertazza, Humberto J.13aLa doble vía penal tributaria y contenciosa / cHumberto J. Bertazza, Ana Clara Marconi y Norberto J. Marconi. cCiudad Autónoma de Buenos Aires :aThomson Reuters La Ley, b2023. ap. 199-216 aCita Online: AR/DOC/1386/2023. aSumario: I. El tema.— II. Consideraciones generales.— III. Familia de fallos del juez penal con impacto en el contencioso.— IV. Familia de fallos con situaciones conflictivas.— V. El Código Civil y Comercial.  tSi te interesa el texto completo, solicitalo a koha@justierradelfuego.gov.ar 0aDERECHO PENAL 0aDERECHO TRIBUTARIO aMarconi, Ana Clara aMarconi, Norberto J.0 02658tRevista de derecho penal y criminología. Nº 8 - Septiembre 2023dCiudad Autónoma de Buenos Aires : Thomson Reuters La Ley, 2017-x00347914